Elementos de la tabla periódica que empiezan por vocal - Estadísticas

Estadísticas generales
  • Esta prueba ha sido intentada 50 veces
  • La puntuación promedio es 14 de 23
Estadísticas de respuestas
Elemento % Correcto
Aluminio
85%
Argon
83%
Oxígeno
83%
Arsénico
80%
Oro
78%
Antimonio
73%
Astato
73%
Estaño
73%
Uranio
73%
Iridio
71%
Indio
68%
Itrio
63%
Azufre
59%
Einstenio
56%
Osmio
56%
Estroncio
54%
Actinio
46%
Americio
46%
Europio
46%
Erbio
44%
Escandio
44%
Oganeson
41%
Iterbio
29%
No se encontraron pruebas coincidentes
Distribución de puntuación
Porcentaje de gente con cada puntuación
Porcentaje por número respondido
Historial de tus puntuaciones
No has intentado esta prueba.